000 00639nam a2200205 c 4500
001 a5427046
003 CO-ViMGA
005 20230915233143.0
008 131111s2013 sp a | |||| 001 0 spa
020 _a9788498354089
040 _aCO-ViMGA
_bspa
_cCO-ViMGA
082 0 4 _a612.821
_bR22n
100 1 _aRedolar Ripoll, Diego
_95273
245 1 0 _aNeurociencia cognitiva /
_cDiego Redolar Ripoll
260 _aMadrid :
_bMedica Panamericana,
_c2013.
300 _aXXVIII, 821 p.
_bil. col. y n., grf̀.
_c28 cm
504 _aIncluye referencias bibliogrf̀icas e n̕dice
650 1 7 _aNeurociencia cognitiva
_2embne
_95274
942 _2ddc
_cBK
999 _c35941
_d35941